| 000 | 00444nam a22001697a 4500 | ||
|---|---|---|---|
| 003 | NUST - PNEC | ||
| 005 | 20170116180919.0 | ||
| 008 | 150904b xxu||||| |||| 00| 0 eng d | ||
| 020 | _a0139416420 | ||
| 040 | _cLIBRARY | ||
| 082 | _a620.3 INM | ||
| 100 |
_97691 _aInman, Daniel J. |
||
| 245 |
_aVibration : with control, measurement, and stability _cDaniel J. Inman |
||
| 260 | _cc.1989 | ||
| 650 |
_97694 _aVibration _xME |
||
| 942 |
_2ddc _cBK |
||
| 999 |
_c65579 _d65579 |
||